Bài giảng thực tập phân loại thực vật A : Dùng cho sinh viên các ngành sư phạm sinh học, công nghệ sinh học

Phương pháp học thực tập thực vật, ngành vi khuẩn lam, ngành tảo, ngành rêu,...

保存先:
書誌詳細
第一著者: Đặng, Minh Quân
フォーマット: 図書
言語:Undetermined
出版事項: Cần Thơ Trường Đại học Cần Thơ 2018
主題:
タグ: タグ追加
タグなし, このレコードへの初めてのタグを付けませんか!
Thư viện lưu trữ: Trung tâm Học liệu Trường Đại học Cần Thơ
LEADER 00939nam a2200241Ia 4500
001 CTU_239185
008 210402s9999 xx 000 0 und d
082 |a 581.012 
082 |b Qu121 
100 |a Đặng, Minh Quân 
245 0 |a Bài giảng thực tập phân loại thực vật A : 
245 0 |b Dùng cho sinh viên các ngành sư phạm sinh học, công nghệ sinh học 
245 0 |c Đặng Minh Quân (Biên soạn) 
260 |a Cần Thơ 
260 |b Trường Đại học Cần Thơ 
260 |c 2018 
520 |a Phương pháp học thực tập thực vật, ngành vi khuẩn lam, ngành tảo, ngành rêu,... 
526 |a TT. Phân loại thực vật A 
526 |b SP190 
650 |a Thực vật học,Botany 
650 |x Phân loại,Classification 
910 |b nthai 
980 |a Trung tâm Học liệu Trường Đại học Cần Thơ